Countries Most Similar To North Macedonia - Statistics

General Stats
  • This quiz has been taken 167 times
  • The average score is 15 of 20
Answer Stats
Rank Country Score % Correct
5 Albania 77.3
95%
2 Serbia 82
95%
15 Greece 70.5
94%
1 Bulgaria 82
92%
6 Croatia 76
88%
4 Bosnia and Herzegovina 80.3
87%
9 Slovenia 72.9
85%
7 Romania 74.6
84%
3 Montenegro 81.7
82%
10 Ukraine 72.1
78%
8 Slovakia 74.4
73%
14 Moldova 71.1
72%
13 Hungary 71.1
70%
12 Poland 71.3
69%
18 Italy 68.6
64%
17 Belarus 69.1
61%
11 Czechia 72
60%
20 Austria 68.1
58%
16 Georgia 69.2
49%
19 Armenia 68.3
46%
No matching quizzes found
Score Distribution
Percent of People with Each Score
Percentile by Number Answered
Your Score History
You have not taken this quiz